00671nam a2200205Ia 4500008004100000020001500041082001500056100001600071245003600087250000900123260002700132300001400159500002400173650001500197700002100212942000700233952010400240952010400344999001700448230524s9999 xx 000 0 und d a8125916075 a174.4bSHE aK.C.Shekhar 0a"Banking Theory and Practice, " a19TH aNEW DELHIbVikasc2008 aXVIII;601 aQuantity Number: 2 aManagement a Lekshmy Shekhar cBK 00104070aTATCLbTATCLcGENd2023-05-24l0o174.4 SHEp35006r2023-05-24w2023-05-24yBKzMBA305A 00104070aTATCLbTATCLcGENd2023-05-24l0o174.4 SHEp35007r2023-05-24w2023-05-24yBKzMBA305A c45493d45493